Aston Martin Car Models Worldwide 2024-25 - Statistics

General Stats
  • This quiz has been taken 713 times
    192 since last reset
  • The average score is 10 of 16
Answer Stats
Hint Answer % Correct
Sports Car Vantage
87%
Sports Car Convertible Vantage Roadster
87%
Fullsize Luxury SUV DBX
86%
Fullsize Luxury SUV DBX 707
86%
Hypercar Valkyrie
85%
Track Only Hypercar Valkyrie AMR Pro
85%
Sport Grand Tourer Vanquish
76%
Grand Tourer DB12
74%
Grand Tourer Convertible DB12 Volante
74%
Hypercar Valhalla
70%
Track Car Vulcan
54%
Track Car Vulcan AMR Pro
54%
Speedster V12 Speedster
38%
Limited Grand Tourer Victor
35%
Limited Sport Grand Tourer Valiant
27%
Hypercar Convertible Valkyrie Spider
21%
No matching quizzes found
Score Distribution
Percent of People with Each Score
Percentile by Number Answered
Your Score History
You have not taken this quiz since the last reset